| 000 | 01624cam a22004934i 4500 | ||
|---|---|---|---|
| 003 | PE-LiUPU | ||
| 005 | 20250731173512.0 | ||
| 008 | 150616s1989 nyu rb 000 0 eng d | ||
| 020 | _a0385007736 | ||
| 035 | _a(Sirsi) i9780385007733 | ||
| 040 |
_aPE-LiUPU _bspa _cPE-LiUPU _erda |
||
| 049 | _aPRUA | ||
| 082 | 0 | 4 |
_a220.7 _bAB1989 _221 |
| 100 | 1 |
_aAndersen, Francis I., _eautor. |
|
| 245 | 1 | 0 |
_aAmos. _n24A / _cFrancis I. Andersen. |
| 264 | 1 |
_aNew York : _bThe Anchor bible, _c1989. |
|
| 300 |
_a979 páginas ; _c26 centímetros. |
||
| 336 |
_atext _2rdacontent |
||
| 337 |
_aunmediated _2rdamedia |
||
| 338 |
_avolume _2rdacarrier |
||
| 490 | 1 |
_aThe Anchor Bible ; _v24A |
|
| 504 | _aIncluye bibliografía. | ||
| 505 | 0 | _aThe Book of Doom -- The Book of Woes -- The Book of Visions -- Epilogue. | |
| 526 | _aSEG42 | ||
| 526 | _aSEG41 | ||
| 526 | _aSEG40 | ||
| 526 | _aSEG39 | ||
| 526 | _aP94 | ||
| 526 | _aP87 | ||
| 526 | _aP86 | ||
| 526 | _aP85 | ||
| 526 | _aP77 | ||
| 526 | _aP76 | ||
| 526 | _aP35 | ||
| 630 | 0 | 4 |
_aBiblia. _pA.T. _pAmós _xComentarios. |
| 700 | 1 | _aFreedman, David Noel. | |
| 910 |
_ajck _bjvq _cjck |
||
| 942 |
_2ddc _cBOOK |
||
| 949 |
_a220.7 AB 24A 1989 _wDEWEY _c1 _i41144 _lCCODEBUL1 _mBUL _r0 _sY _tBOOK _u2015-6-16 _xTEOLOGIA _zUNKNOWN _0COMPRA _o.STAFF. Colección Teología |
||
| 994 |
_aC0 _bPEPRU |
||
| 596 | _a1 | ||
| 999 |
_a220.7 AB 24A 1989 _wDEWEY _c58954 _i41144 _d58954 _f2021-11-9 _g5 _lCCODEBUL1 _mBUL _p15.00 _q7 _r0 _sY _tBOOK _u2015-6-16 _xTEOLOGIA _PP35 _0COMPRA _o.STAFF. Colección Teología |
||
| 980 |
_81 _gALBERTO SANCHEZ Responsable de Automatización |
||